The Financial and Economic Crisis: (Record no. 211361)

MARC details
000 -LEADER
fixed length control field 00546nam a22001697a 4500
005 - DATE AND TIME OF LATEST TRANSACTION
control field 20250520113608.0
010 ## - LCCN (DPL NO)
LC control number ENG-144951
020 ## - INTERNATIONAL STANDARD BOOK NUMBER
International Standard Book Number 9789380574189
Terms of availability 250.00
035 ## - SYSTEM CONTROL NUMBER
System control number EN-128433
037 ## - SOURCE OF ACQUISITION
Source of stock number/acquisition DBAD
082 ## - DEWEY DECIMAL CLASSIFICATION NUMBER
Classification number 330.95405
245 ## - TITLE STATEMENT
Title The Financial and Economic Crisis:
Remainder of title a decent work response
260 ## - PUBLICATION, DISTRIBUTION, ETC. (IMPRINT)
Place of publication, distribution, etc New Delhi
Name of publisher, distributor, etc Bookwell
Date of publication, distribution, etc 2010
270 ## - ADDRESS
Address 24/4800,Ansari Road ,Darya Gang,
City New Delhi
Postal code 110002
Telephone number 11-23268786,23257264
Electronic mail address bookwell@vsnl.net
300 ## - PHYSICAL DESCRIPTION
Extent xix;78p.
Dimensions 24cm(PB)
942 ## - ADDED ENTRY ELEMENTS (KOHA)
Source of classification or shelving scheme Dewey Decimal Classification
Item type English Books
Classification part 330.95405
Call number suffix THE
Holdings
Withdrawn status Lost status Not for loan Collection code Home library Current library Date acquired Source of acquisition Cost, normal purchase price Full call number Barcode Copy number Cost, replacement price Koha item type
    Not For Loan Non-fiction D.B.Act.Division D.B.Act.Division 20/05/2025 DBAD 250.00 330.95405 THE EN-128483 1 250.00 English Books

© Delhi Public Library
Hit Counter
free hit counter